Multimodálna terapia hepatocelulárneho karcinómu skúsenosti zo študijného pobytu na onkologickom oddelení vo Veterans General Hospital v Taipei

Bibliographic Details
Main Author: Šálek, Tomáš, 1954- (Author)
Format: Article
Language:Slovak
PhysicalDescription:Fotogr.
Subjects:

MARC

LEADER 00000nab a2200000 a 4500
001 vtls000662655
003 SK-MaSNL
005 20260304002448.0
008 140302c1998 xo 0 slo
015 |a SNBRB1998/06-15612 
035 |a CLN000014843 
040 |a SNKBUCL  |b slo  |c SNKBUCL  |e AACR2 
041 0 |a slo 
044 |a xo  |c SK 
080 |a 616.36-006.6-08  |2 1997 
080 |a 362.113(529)  |2 1997 
100 1 |a Šálek, Tomáš,  |d 1954-  |4 aut  |9 11839 
245 1 0 |a Multimodálna terapia hepatocelulárneho karcinómu  |b skúsenosti zo študijného pobytu na onkologickom oddelení vo Veterans General Hospital v Taipei  |c Tomáš Šálek 
300 |b Fotogr. 
610 7 |a Veterans General Hospital (Taipei, Taiwan)  |2 snkbucl  |9 1279997 
650 0 7 |a hepatóm  |2 snkbucl  |9 150837 
655 7 |a články z novín a časopisov  |2 snkbucl  |9 267496 
773 0 |t Zdravotnícke noviny  |g Roč. 3, č. 24 (1998) 
773 0 |t [Príl.] Lekárske listy  |g Č. 24 (1998), s. 11 
850 |a Slovenská národná knižnica v Martine 
852 |a SNK  |b KIS3GCP 
992 |a RBX 
999 |c 2542016  |d 2543946